000 00418nam a22001697a 4500
999 _c11420
_d11420
003 OSt
008 220709b ||||| |||| 00| 0 eng d
020 _a9788131262283
082 _a615.321 HEF
100 _aHEINRICH,Michael etc
245 _aFundamentals of Pharmacognosy and Phytotherapy
250 _a3th
260 _aNew Delhi
_bElsevier
_c2018
300 _a359
650 _aPharmacognosy
942 _2ddc
_cBK